| 000 | 00628nam a22001935i 4500 | ||
|---|---|---|---|
| 001 | 168701 | ||
| 003 | ES-MaACL | ||
| 005 | 20230906213849.0 | ||
| 008 | 080516s2006 sp |||| | spa d | ||
| 020 | _a84-8332-058-4 | ||
| 080 | _a(038)=134.1=134.2 | ||
| 245 | 0 | 0 | _aDiccionari avançat català - castellà, castellano - catalán. |
| 250 | _a1ª ed., reimp. | ||
| 260 |
_aBarcelona : _bVox, _c2006. |
||
| 300 |
_aXLIV, 631, XXXIV, 647 p. ; _c22 cm. |
||
| 650 | 4 |
_aLengua catalana- _vDiccionarios- _xEspañol. _914103 |
|
| 650 | 0 | 4 |
_aLengua española- _vDiccionarios- _xCatalán. _914140 |
| 852 | 4 |
_aES-MaACL _jL-29516 _9R.143146 |
|
| 999 |
_c168701 _d168701 |
||